| 000 | 01141cam a2200349 a 4500 | ||
|---|---|---|---|
| 001 | 3988222 | ||
| 003 | OSt | ||
| 005 | 20230704121614.0 | ||
| 008 | 950714s1994 nyu b i001 0 eng d | ||
| 010 | _a 95170440 | ||
| 020 | _a9211541077 | ||
| 035 | _a(CStRLIN)MAHL95-B945 | ||
| 035 | _a(HOL)BAE2988-5/LAW/1 | ||
| 040 |
_aMH-L _cMH-L _dDLC |
||
| 042 | _alccopycat | ||
| 082 | 0 | 0 |
_a341.481 _bUNA |
| 110 | 2 | _aUnited Nations. | |
| 245 | 1 | 0 | _aUnited Nations action in the field of human rights. |
| 260 |
_aNew York : _bUnited Nations, _c1994. |
||
| 300 |
_axi, 417 p. ; _c30 cm. |
||
| 500 | _aAt head of title: Centre for Human Rights, Geneva. | ||
| 500 | _a"ST/HR/2/Rev. 4." | ||
| 500 | _a"United Nations publication sales no. E.94.XIV.11"--T.p. verso. | ||
| 504 | _aIncludes bibliographical references and index. | ||
| 610 | 2 | 0 | _aUnited Nations. |
| 650 | 0 | _aHuman rights. | |
| 650 | 0 | _aHuman rights field operations. | |
| 710 | 2 | _aUnited Nations Centre for Human Rights. | |
| 906 |
_a7 _bcbc _ccopycat _d2 _encip _f19 _gy-gencatlg |
||
| 942 |
_2ddc _cBK |
||
| 999 |
_c3786 _d3786 |
||